000 00989nab a2200301 4500
003 BR-BrBNA
005 20240522101935.0
008 240522b bl.||||| |||| 00| 0 por d
040 _aBR-BrBNA
_bpor
072 _aH10 ; H01
_b4030
100 _aSilva, José Luiz
100 _aGravena, Santin
100 _aBenvenga, Sérgio Roberto
245 _aÁcaros tetraniquídeos: como realizar o manejo?
_bManejo de Pragas
500 _a9 illus.; 2 tables
650 _aCITRICULTURA
650 _aPOMAR
650 _aÁCARO
650 _aPRAGA DE PLANTA
650 _aPROFILAXIA
650 _aINSPEÇÃO VEGETAL
650 _aCONTROLE QUÍMICO
650 _aINIMIGO NATURAL
650 _aIRRIGAÇÃO POR ASPERSÃO
773 0 _04769
_9314631
_dBebedouro - SP Grupo Técnico de Assistência e Consultoria em Citrus 2001
_o2024-0883
_tCiência e Pratica (Brazil)
_gv. 7(24) p. 20-21; (Jan-Mar 2007)
_wBR2024001202
942 _cAnalítica
999 _c299713
_d299713